000 00942cam a22003011 4500
999 _c21426
_d21426
001 7481347
003 BDDh-ASL
005 20231015030007.0
008 780519s19581960ne b b 000 0 eng c
010 _aa 59003379
015 _aGB59-4882
035 _a(OCoLC)3910892
040 _aHarvard Univ. Library
_cOAk
_dNcRS
_dUk
_dDLC
_dBDDh-ASL
042 _apremarc
050 0 0 _aDS383.5.I5
_bD3 1958
082 _a327.5405
_bGUI
100 1 _aDas Gupta, Jyoti Bhusan.
245 1 0 _aIndo-Pakistan relations, 1947-1955 /
260 _aAmsterdam:
_bDjambatan
_c[1960]
300 _axii, 254 p.
_bmaps.
_c23 cm.
500 _aIssued also as thesis, University of Amsterdam.
504 _aBibliography: p. 245-251.
650 0 _91531
_aInternational Relations
651 0 _aIndia
_xForeign relations
_zPakistan.
651 0 _aPakistan
_xForeign relations
_zIndia.
906 _a7
_bcbc
_coclcrpl
_du
_encip
_f19
_gy-gencatlg
942 _2ddc
_cBK